Společná zemědělská politika Na cestě k Evropské unii. 6
Uplatňovanie spoločnej poľnohospodárskej politiky (SPP) po založení EHS. Úloha SPP. Zásady spoločnej poľnohospodárskej politiky - jednotné ceny, colná ochrana vnútorného trhu, spoločné financovanie z rozpočtu Únie. Dôsledky SPP. Funkcia Agrárneho fondu. Nevyhnutnosť reformy SPP.
Enregistré dans:
| Auteur principal: | |
|---|---|
| Format: | Chapitre de livre |
| Langue: | tchèque |
| Sujets: | |
| Tags: |
Pas de tags, Soyez le premier à ajouter un tag!
|
MARC
| LEADER | 00000naa a2200000 4500 | ||
|---|---|---|---|
| 001 | r021135 | ||
| 005 | 20230920092027.1 | ||
| 041 | 0 | |a cze | |
| 044 | |a CZ | ||
| 245 | 1 | 0 | |a Společná zemědělská politika |b Na cestě k Evropské unii. 6 |c Luděk Urban |
| 520 | |a Uplatňovanie spoločnej poľnohospodárskej politiky (SPP) po založení EHS. Úloha SPP. Zásady spoločnej poľnohospodárskej politiky - jednotné ceny, colná ochrana vnútorného trhu, spoločné financovanie z rozpočtu Únie. Dôsledky SPP. Funkcia Agrárneho fondu. Nevyhnutnosť reformy SPP. | ||
| 610 | 2 | 0 | |a politika poľnohospodárska |
| 610 | 2 | 0 | |a reformy poľnohospodárske |
| 610 | 2 | 0 | |a Európska únia |
| 610 | 2 | 0 | |a ceny |
| 610 | 2 | 0 | |a financovanie |
| 610 | 2 | 0 | |a ochrana colná |
| 100 | 1 | |a Urban, Luděk | |